El gran diccionario Ingles sin Barreras Velázquez Español-Inglés

Bibliographic Details
Main Author: Velasquez de la Cadena, Mariano
Format: Section = Libro
Language:Undetermined
Spanish
Published: Estados Unidos [s.e.] 1991
Subjects:
LEADER 00609nam a2200217Ia 4500
008 240830s9999 xx 000 0 und d
020 |a 0-8329-0265-9 
040 |a B-ESTELÍ- RUACS / Ref 032 V434 
041 |a spa 
082 |a Ref 032 V434 
100 1 |a Velasquez de la Cadena, Mariano 
245 1 0 |a El gran diccionario Ingles sin Barreras Velázquez Español-Inglés 
260 |a Estados Unidos  |b [s.e.]  |c 1991 
300 |a 720 p. 
650 7 |a INGLES SIN BARRERAS 
650 7 |b  TERMINOS 
650 7 |c  ABREVIACIONES 
650 7 |d  UNIDADES MONETARIAS. 
942 |c BK  |2 ddc 
991 |a TEXTO 
999 |c 11710